ত্রয়ী মনীষীর সমবায় ভাবনা ও তার বিশ্লেষণ /
On cooperative movement in Indian subcontinent with reference to the views of Rabindranath Tagore, 1861-1941, Bengali author, Prafulla Chandra Ray, 1861-1941, Bengali chemist and Akhter Hameed Khan, social scientist, on cooperation.
| Další autoři: | |
|---|---|
| Médium: | Kniha |
| Jazyk: | Bengali English |
| Vydáno: |
ঢাকা :
অগ্রদূত পাবলিকেশন্স,
২০১৩.
|
| Témata: | |
| Classic Catalogue: | View this record in Classic Catalogue |
| LEADER | 01922nam a2200373 i 4500 | ||
|---|---|---|---|
| 001 | AAL9635 | ||
| 003 | BD-DhAAL | ||
| 005 | 20180524102534.0 | ||
| 008 | 140430s2013 bg b 000 0 beno | ||
| 999 | |c 39390 |d 39390 | ||
| 010 | |a 2014346661 | ||
| 020 | |a 9789849025900 | ||
| 025 | |a B-B-2014-346661; 22-90 | ||
| 037 | |b Library of Congress -- New Delhi Overseas Office | ||
| 040 | |a DLC |b eng |e rda |c DLC |d DLC |d BD-DhAAL | ||
| 041 | 0 | |a ben |a eng | |
| 050 | 0 | 0 | |a HD3532.57.A4 |b T73 2013 |
| 082 | |a 337.54 | ||
| 245 | 0 | 0 | |a ত্রয়ী মনীষীর সমবায় ভাবনা ও তার বিশ্লেষণ / |c গ্রন্থনা ও সম্পাদনা, সমীর কুমার বিশ্বাস |
| 246 | 3 | 1 | |a Troyee moneesheer samobay vabna o tar bishleshan |
| 264 | 1 | |a ঢাকা : |b অগ্রদূত পাবলিকেশন্স, |c ২০১৩. | |
| 300 | |a 547 pages ; |c 22 cm | ||
| 504 | |a Includes bibliographical references (page 213). | ||
| 520 | |a On cooperative movement in Indian subcontinent with reference to the views of Rabindranath Tagore, 1861-1941, Bengali author, Prafulla Chandra Ray, 1861-1941, Bengali chemist and Akhter Hameed Khan, social scientist, on cooperation. | ||
| 541 | |e 9635 | ||
| 546 | |a In Bengali; includes passages in English. | ||
| 600 | 1 | 0 | |a Tagore, Rabindranath, |d 1861-1941 |x Political and social views. |9 25990 |
| 600 | 1 | 0 | |a Ray, Prafulla Chandra, |d 1861-1944 |x Political and social views. |9 25991 |
| 600 | 1 | 0 | |a Khan, Akhter Hameed. |9 25992 |
| 650 | 0 | |a Cooperation |z South Asia. |9 25993 | |
| 700 | 1 | |a বিশ্বাস, সমীর কুমার |e editor. |9 25994 | |
| 852 | |a Savar Campus Library |c General Shelf | ||
| 942 | |2 ddc |c BK | ||
| 952 | |0 0 |1 0 |2 ddc |4 0 |6 337_540000000000000_TRO |7 0 |9 63375 |a SCL |b SCL |c GEN |d 2018-05-24 |e Development Book Agency |g 855.00 |l 0 |o 337.54 TRO |p 3020009635 |r 2018-05-24 |t 1 |w 2018-05-24 |y BK | ||